LEADER 01277nam--2200397---450- 001 990002697420203316 005 20080929101002.0 035 $a000269742 035 $aUSA01000269742 035 $a(ALEPH)000269742USA01 035 $a000269742 100 $a20051228d1970----km-y0itay0103----ba 101 $aita 102 $aIT 105 $aa|||||||001yy 200 1 $aDescrizione dello stato antico ed attuale del contado di Molise$econ un saggio storico sulla costituzione del Regno$fdell'avvocato Giuseppe Maria Galanti 205 $aRist. anast. 210 $aNapoli$c[s.n.]$dstampa 1970 215 $av.$cill.$d22 cm. 300 $aRipr. facs. dell'ed.: Napoli : presso la Società letteraria e tipografica, 1781 327 1 $a : 233, 100, 26 p. 410 0$12001 454 1$12001 461 1$1001-------$12001 607 $aMolise$xStoria 676 $a945.719 700 1$aGALANTI,$bGiuseppe Maria$036576 801 0$aIT$bsalbc$gISBD 912 $a990002697420203316 951 $aFC M 1947$bDLM$cFC M 959 $aBK 969 $aDILAM 979 $aDILAM$b90$c20051228$lUSA01$h1505 979 $aDILAM$b90$c20080929$lUSA01$h1010 996 $aDescrizione dello stato antico ed attuale del contado di Molise$9294602 997 $aUNISA LEADER 02367nam 2200601Ia 450 001 9910784382203321 005 20230421043918.0 010 $a0-8166-8486-3 035 $a(CKB)1000000000347199 035 $a(EBL)310368 035 $a(OCoLC)191952562 035 $a(SSID)ssj0000276701 035 $a(PQKBManifestationID)11228643 035 $a(PQKBTitleCode)TC0000276701 035 $a(PQKBWorkID)10226220 035 $a(PQKB)11135038 035 $a(MiAaPQ)EBC310368 035 $a(MdBmJHUP)muse38776 035 $a(Au-PeEL)EBL310368 035 $a(CaPaEBR)ebr10151135 035 $a(CaONFJC)MIL672442 035 $a(EXLCZ)991000000000347199 100 $a19960321d1996 ub 0 101 0 $aeng 135 $aur|||||||nn|n 181 $ctxt 182 $cc 183 $acr 200 10$aAesthetic ideology$b[electronic resource] /$fby Paul de Man ; ed. with an introd. by Andrzej Warminski 210 $aMinneapolis $cUniversity of Minnesota Press$dc1996 215 $a1 online resource (206 pages) 225 1 $aTheory and history of literature ;$vv. 65 300 $aDescription based upon print version of record. 311 $a0-8166-2204-3 311 $a0-8166-2203-5 320 $aIncludes bibliographical references and index. 327 $aContents; Introduction: Allegories of Reference Andrzej Warminski; The Epistemology of Metaphor; Pascal's Allegory of Persuasion; Phenomenality and Materiality in Kant; Sign and Symbol in Hegel's Aesthetics; Hegel on the Sublime; Kant's Materialism; Kant and Schiller; The Concept of Irony; Reply to Raymond Geuss; Index 330 $aOffers the definitive resource to de Man's thoughts on philosophy, politics, and history. The texts collected here were written or delivered as lectures during the last years of de Man's life, between 1977 and 1983. Many of them have never been available previously in any form. 410 0$aTheory and history of literature ;$vv. 65. 606 $aCriticism 606 $aDeconstruction 615 0$aCriticism. 615 0$aDeconstruction. 676 $a801/.95 700 $aDe Man$b Paul$0220712 701 $aWarminski$b Andrzej$01541130 801 0$bMiAaPQ 801 1$bMiAaPQ 801 2$bMiAaPQ 906 $aBOOK 912 $a9910784382203321 996 $aAesthetic ideology$93854859 997 $aUNINA